000 00710nas a2200229 4500
001 BR8805159
003 BR-BrBNA
005 20231205091257.0
007 ta
008 230509b bl.|||p| |||| 00| 00por d
040 _aBR-BrBNA
_bpor
_cBiblioteca Nacional de Agricultura
041 _a(Pt)
072 _aE21; L02; Q04
100 1 _aSilva, C.E.M. da
245 1 _aUsos industriais do sabugo de milho
650 _aMILHO
650 _aSABUGO
650 _aINDUSTRIALIZACAO
773 0 _tBoletim da Sociedade Brasileira de Ciencia e Tecnologia de Alimentos (Brazil)
_xISSN 0101-3637
_g(Jul-Dec 1987), v. 12(3-4) p. 149-162
_wBR8805159
909 _a202311
_bLúcia
_c55
_dLúcia Elande
942 _2AGRIS
_n0
_cANA
999 _c124069
_d124069